Responses for Show #4078 - Wednesday, May 1, 2002

2002 Million Dollar Masters quarterfinal game 1.

Contestants

[<< previous game]

Frank Spangenberg, a lieutenant in the New York Police Department from Douglaston, New York

Rachael Schwartz, a lawyer with an international law firm from Washington, D.C.

Bob Harris, an author, comedian, and radio commentator from Los Angeles, California

[next game >>]

Jeopardy! Round responses

LATIN AMERICAN HISTORY
WATER TRANSPORTS
WAX MUSEUMS
AUTOIMMUNE DISORDERS
LET THEM EAT CAKE
SO YOU'RE THE "SMART" ONE, EH?
    $200 10
Columbus

Frank
    $200 21
the cockpit

Rachael
    $200 22
San Antonio

Bob
    $200 6
MS

Bob
    $200 16
angel food cake

Frank
    $200 1
(Frank: What is smarter than the ordinary bear?)
(Alex: No, we cannot accept that. The correct response was [*].)

smarter than your average bear

Frank
Triple Stumper
    $400 11
Brazil

Frank
    $400 27
steam

Rachael
    $400 23
Madame Tussaud's

Rachael
    $400 7
the thyroid

Bob
    $400 17
Boston cream pie

Rachael
    $400 2
Get Smart

Bob
    $600 12
Salvador Allende

Frank
    $600 28
(Alex: Yes, [*], bulk, or ore.)

oil

Rachael
    $600 24
(Alex: Yes, America's Sweetheart.)

Mary Pickford

Rachael
    $600 8
the adrenals

Bob
    $600 18
Baked Alaska

Rachael
    $600 3
the smart money

Bob
    $800 13
Paraguay

Bob
    $800 29
sunfish

Frank
    $1,000 25
St. Augustine

Rachael
    $800 9
Crohn's disease

Frank
    $800 19
cheesecake

Rachael
    $800 4
a smart bomb

Bob
    $1000 14
Tenochtitlán

Bob
    $1000 30
the Normandie

Frank
    $1000 26
Tex Ritter

Bob
    $1000 15
scleroderma

Bob
    $1000 20
Lady Baltimore cake

Frank
    $1000 5
The Smart Set

Rachael

Scores at the first commercial break (after clue 15):

Bob Rachael Frank
$5,800 $1,000 $1,800

Scores at the end of the Jeopardy! Round:

Bob Rachael Frank
$7,000 $6,000 $4,800

Double Jeopardy! Round responses

THE NEW YORK TIMES ARTS & LEISURE
FROM THE GREEK
THE RENAISSANCE
MIDDLE NAMES
(Alex: Players, we...)
HOPE YOU LEARNED YOUR AFRICAN CAPITALS
(Alex: And if you're successful, we have...)
PLACES TO PUT YOUR BIG WINNINGS
    $400 26
Frank Lloyd Wright

Frank
    $400 6
baritone

Bob
    $400 2
to be reborn (rebirth accepted)

Bob
    $400 16
Ann

Bob
    $400 11
(Bob: What's Uganda?)

Rwanda

Bob
Triple Stumper
    $400 21
a mattress

Bob
    $800 27
Amelie

Rachael
    $800 7
clay

Frank
    $800 3
Cesare

Frank
    $800 17
Spencer

Frank
    $800 12
Niger

Triple Stumper
    $800 22
Fannie Mae

Bob
    $1,500 28
(Rachael: No idea.)
(Alex: Take a guess.)
(Rachael: What is Aida?)

War and Peace

Rachael
    $1200 8
a parasite

Rachael
    $1200 1
Avignon

Frank
    $4,000 18
Orville

Frank
    $1200 13
Chad

Bob
    $1200 23
General Motors & General Electric

Frank
    $1600 29
(Frank: Who is Walt Whitman?)

Langston Hughes

RachaelFrank
    $1600 9
cosmopolitan

Frank
    $1600 4
(Jan) Hus

Frank
    $1600 19
(Alex: Careful on this one:)

G-A-M-A-L-I-E-L

Bob
    $1600 14
Burundi

Bob
    $1600 24
(Bob: What's lead?)
(Alex: No. Frank?)
(Frank: What are [*]?)
(Alex: Yes.)
[Laughter from the audience]
(Alex: Close to lead, isn't it?)

pork bellies

BobFrank
    $2000 30
(Frank: What is the Bolshoi?)

the Kirov

RachaelFrank
    $2000 10
phylum

Bob
    $2000 5
[Frank receives applause even though he didn't sweep the category.]

Brunelleschi

Frank
    $2000 20
Caldwell

Triple Stumper
    $2000 15
[Bob receives applause for having retaken the lead]

Mali

Bob
    $2000 25
parimutuel

Frank

Scores at the end of the Double Jeopardy! Round:

Bob Rachael Frank
$15,800 $10,100 $19,200

Final Jeopardy! Round responses

ESPIONAGE
RachaelWho was Kim Philby?
$2,301
BobWho was Kim Philby?
$4,200
FrankWho is John LeCarre
$12,401
Kim Philby

Final scores:

Bob Rachael Frank
$20,000 $12,401 $6,799
Automatic semifinalist 2nd place: $10,000 if eliminated 3rd place: $10,000 if eliminated

Game dynamics:

Coryat scores:

Bob Rachael Frank
$15,800 $11,400 $16,400
21 R,
2 W
14 R
(including 1 DD),
1 W
(including 1 DD)
20 R
(including 1 DD),
3 W

Combined Coryat: $43,600

[game clues] [game scores] [suggest correction]

Game tape date: 2002-03-24
The J! Archive is created by fans, for fans. Scraping, republication, monetization, and malicious use prohibited; this site may use cookies and collect identifying information. See terms. The Jeopardy! game show and all elements thereof, including but not limited to copyright and trademark thereto, are the property of Jeopardy Productions, Inc. and are protected under law. This website is not affiliated with, sponsored by, or operated by Jeopardy Productions, Inc. Join the discussion at JBoard.tv.